| 000 | 00739nam a2200217 a 4500 | ||
|---|---|---|---|
| 005 | 20210223133057.0 | ||
| 008 | 160922s2015 mx r 000 0 spa d | ||
| 020 | _a9786079475017 | ||
| 035 | _aUPN01000213559 | ||
| 049 | _aCG | ||
| 050 | 4 |
_aHD1696 M6 _bA3.9 |
|
| 245 | 0 | 0 |
_aAgua e historia : _bexperiencias regionales, siglos XIX-XXI / _ccoord. María Concepción Martínez Omaña. |
| 260 |
_aMéxico : _bInstituto Mora, _c2015. |
||
| 300 |
_a462 p. : _bgráfs., figs., mapas |
||
| 440 | 0 |
_aContemporánea. _pEstudios regionales |
|
| 650 | 4 |
_aAGUA - _xAPROVECHAMIENTO - _zMEXICO _91022 |
|
| 650 | 4 |
_aAGUA - _xDISTRIBUCION - _zMEXICO _91852 |
|
| 700 | 1 |
_aMartínez Omaña, María Concepción, _ecoord. |
|
| 905 | _aLibro | ||
| 999 |
_c185659 _d185659 |
||